<?xml version="1.0" encoding="UTF-8"?>
<marc:record xmlns:marc="http://www.loc.gov/MARC21/slim">
   <marc:leader>00000nam a2200000 a 4500</marc:leader>
   <marc:datafield ind1="1" ind2=" " tag="100">
      <marc:subfield code="a">Odersky, Eva</marc:subfield>
      <marc:subfield code="4">aut</marc:subfield>
      <marc:subfield code="e">Verfasser/-in</marc:subfield>
   </marc:datafield>
   <marc:datafield ind1=" " ind2=" " tag="653">
      <marc:subfield code="a">ABC- und Zahlenlernbücher (Bilderbücher für Kinder)</marc:subfield>
   </marc:datafield>
   <marc:datafield ind1=" " ind2=" " tag="653">
      <marc:subfield code="a">Vorschule</marc:subfield>
   </marc:datafield>
   <marc:datafield ind1="0" ind2="0" tag="245">
      <marc:subfield code="a">Erste Buchstaben</marc:subfield>
   </marc:datafield>
   <marc:datafield ind1=" " ind2="1" tag="264">
      <marc:subfield code="b">Ravensburger</marc:subfield>
      <marc:subfield code="c">2014</marc:subfield>
   </marc:datafield>
   <marc:datafield ind1="1" ind2=" " tag="490">
      <marc:subfield code="a">Tiptoi macht Wissen lebendig</marc:subfield>
   </marc:datafield>
   <marc:datafield ind1="1" ind2=" " tag="520">
      <marc:subfield code="a">Das audiodigitale Lernsystem
Im Alltag von Lotta und Max gibt es viele Buchstaben, Laute, Wörter und Reime zu entdecken. Ob im Kindergarten, in der Stadt oder auf dem Bauernhof - mit tiptoi® erkundet das Kind selbstständig und spielerisch die Welt der Sprache. Auf allen Seiten warten abwechslungsreiche Spiele darauf, entdeckt zu werden: Buchstaben und Wörter suchen, Schrift finden, Laute zuordnen, Reimwörter und Silben hören und Geräusche raten. In immer neuen Spielvarianten wird die phonologische Bewusstheit gefördert und das Kind so ideal auf das Lesen- und Schreibenlernen in der Schule vorbereitet.</marc:subfield>
   </marc:datafield>
   <marc:datafield ind1=" " ind2=" " tag="020">
      <marc:subfield code="a">9783473418008</marc:subfield>
      <marc:subfield code="9">9783473418008</marc:subfield>
   </marc:datafield>
</marc:record>
